Minecraft General Quiz - Statistics

General Stats
  • This quiz has been taken 202 times
  • The average score is 6 of 14
Answer Stats
Question Answer % Correct
Who first created Minecraft? Notch
91%
Who is the Minecraft Player that: “…never dies” ? Technoblade
89%
What are the Minecraft Far Lands? A world generation bug, that has been patched
87%
Most popular Minecraft Server? Hypixel
87%
Minecraft version that introduced End-Cities? 1.8
45%
How many Items are in Minecraft? 1643
36%
Which of these Minecraft Editions do actually exist Minecraft China Edition
33%
What is the max render distance? (Java Edition) 32
31%
Which Blocks do not exist in Java Minecraft? Break Command Block
31%
Whats the record for the most FPS ever acomplished in Minecraft? (Official) 14’000 FPS
27%
How many Block are in a Minecraft World? 60 Million
22%
Whats the rarest ore block in the Game? Deepslate Coal Ore
16%
What is the most downloaded Minecraft Mod? Just Enough Items
15%
How many Mobs are in Minecraft? (Not including the Player) 31
9%
No matching quizzes found
Score Distribution
Percent of People with Each Score
Percentile by Number Answered
Your Score History
You have not taken this quiz